General Analogies #2 - Statistics

General Stats
  • This quiz has been taken 224 times
  • The average score is 6 of 22
Answer Stats
Hint Answer % Correct
Big Mac is to McDonald's as _______ is to Burger King Whopper
87%
Big Bang Theory is to CBS as Modern Family is to ___ ABC
65%
Kleenex is to tissue as ____ ___ is to bandage Band-Aid
57%
MSNBC is to liberal as ___ is to conservative FOX
54%
Amor is to love as corazón is to _____ Heart
51%
Reception is to cell phone as ____ is to laptop Wi-Fi
49%
Mormonism is to Christianity as Kabbalah is to _______ Judaism
42%
Taco Bell is to Mexican as _____ _______ is to Chinese Panda Express
35%
Baby Got Back is to Sir Mix-A-Lot as ___ ________ _____ is to Queen Fat Bottomed Girls
32%
Alumnus is to alumni as octopus is to _________ Octopuses
32%
ISIS is to Syria as ____ _____ is to Nigeria Boko Haram
25%
Jewish is to Concentration as Japanese is to __________ Internment
25%
Languages are to Papua New Guinea as plastic surgery is to _____ _____ South Korea
23%
א is to Hebrew as ต์ is to ____ Thai
16%
Rihanna is to Love the Way You Lie as ______ ___ is to Fancy Charli XCX
12%
Ø is to Norwegian as à is to __________ Portuguese
12%
Harry Potter is to Dursley as Matilda is to ________ Wormwood
10%
United States is to American as Madagascar is to ________ Malagasy
8%
Sky Harbor is to Phoenix as ______ is to Seattle Seatac
7%
Functional is to liver as _________ is to appendix Vestigial
7%
Spanish is to California as _______ is to Hawaii Tagolog
1%
Malik is to One Direction as Ross is to _____ __ ___ _____ Panic! At the Disco
0%
No matching quizzes found
Score Distribution
Percent of People with Each Score
Percentile by Number Answered
Your Score History
You have not taken this quiz